MARC details
| 000 -LEADER |
| campo de control de longitud fija |
01366nam a2200349 i 4500 |
| 001 - NÚMERO DE CONTROL |
| campo de control |
198314 |
| 003 - IDENTIFICADOR DE NÚMERO DE CONTROL |
| campo de control |
ES-MaACL |
| 005 - FECHA Y HORA DE LA ÚLTIMA TRANSACCIÓN |
| campo de control |
20260529170920.0 |
| 007 - CAMPO FIJO DE DESCRIPCIÓN FÍSICA--INFORMACIÓN GENERAL |
| campo de control de longitud fija |
ta |
| 008 - DATOS DE LONGITUD FIJA--INFORMACIÓN GENERAL |
| campo de control de longitud fija |
260518s2006 sp a|||| |||| 001 0 spa d |
| 017 ## - NÚMERO DE COPYRIGHT O DE DEPÓSITO LEGAL |
| Número de copyright o de depósito legal |
M 22406-2006 |
| Agencia que asigna |
Oficina Depósito Legal Madrid |
| 020 ## - NÚMERO INTERNACIONAL ESTÁNDAR DEL LIBRO |
| Número Internacional Estándar del Libro |
84-611-0897-3 |
| 040 ## - FUENTE DE CATALOGACIÓN |
| Centro catalogador/agencia de origen |
ES-MaACL |
| Lengua de catalogación |
spa |
| Centro/agencia transcriptor |
ES-MaACL |
| Normas de descripción |
rda |
| 080 ## - NÚMERO DE LA CLASIFICACIÓN DECIMAL UNIVERSAL |
| Número de la Clasificación Decimal Universal |
73 Indiana, Robert (083.824) |
| 100 1# - ENTRADA PRINCIPAL--NOMBRE DE PERSONA |
| Nombre de persona |
Indiana, Robert |
| Fechas asociadas al nombre |
1928- |
| Relación |
art |
| 9 (RLIN) |
243074 |
| Término indicativo de función/relación |
Artista |
| 245 10 - MENCIÓN DEL TÍTULO |
| Título |
Robert Indiana : |
| Resto del título |
Paseo de Recoletos y Paseo del Prado, Madrid 2006 / |
| Mención de responsabilidad, etc. |
comisarios, Alexandra M. Schader, Simon Salama-Caro ; ensayos, Juan Manuel Bonet, Adrian Dannatt |
| 264 #1 - PRODUCCIÓN, PUBLICACIÓN, DISTRIBUCIÓN, FABRICACIÓN Y COPYRIGHT |
| Producción, publicación, distribución, fabricación y copyright |
Madrid : |
| Nombre del de productor, editor, distribuidor, fabricante |
KISS FM : |
| -- |
KISS TV, |
| Fecha de producción, publicación, distribución, fabricación o copyright |
2006 |
| 300 ## - DESCRIPCIÓN FÍSICA |
| Extensión |
140 páginas : |
| Otras características físicas |
principalmente ilustraciones (blanco y negro y color) ; |
| Dimensiones |
29 cm |
| 336 ## - TIPO DE CONTENIDO |
| Fuente |
rdacontent |
| Término de tipo de contenido |
Texto |
| 337 ## - TIPO DE MEDIO |
| Fuente |
rdamedia |
| Nombre/término del tipo de medio |
sin mediación |
| 338 ## - TIPO DE SOPORTE |
| Fuente |
rdacarrier |
| Nombre/término del tipo de soporte |
volumen |
| 500 ## - NOTA GENERAL |
| Nota general |
Registro provisional |
| 504 ## - NOTA DE BIBLIOGRAFÍA, ETC. |
| Nota de bibliografía, etc. |
Bibliografía: páginas 98-106. Índice |
| 600 #4 - PUNTO DE ACCESO ADICIONAL DE MATERIA--NOMBRE DE PERSONA |
| Nombre de persona |
Indiana, Robert |
| Fechas asociadas al nombre |
1928- |
| Subdivisión de forma |
Exposiciones |
| 9 (RLIN) |
243075 |
| 700 1# - ENTRADA AGREGADA--NOMBRE PERSONAL |
| Nombre de persona |
Bonet, Juan Manuel |
| Fechas asociadas al nombre |
1953- |
| Relación |
aut |
| 9 (RLIN) |
243076 |
| Término indicativo de función/relación |
Autor |
| 700 1# - ENTRADA AGREGADA--NOMBRE PERSONAL |
| Nombre de persona |
Dannatt, Adrian |
| Relación |
aut |
| 9 (RLIN) |
243077 |
| Término indicativo de función/relación |
Autor |
| 852 ## - LOCALIZACIÓN |
| Ubicación |
ES-MaACL |
| Ubicación en estantería |
Depósito J |
| Número de control de estantería |
DJ-1 |
| Donativo/Legado |
Donación: J. Porto |
| Encuadernación |
Encuadernación rústica |
| itemnumber |
207288 |
| 942 ## - ELEMENTOS DE ENTRADA SECUNDARIOS (KOHA) |
| Tipo de ítem Koha |
Libro impreso |
| Suprimir en OPAC |
No |